000 00203 a2200097 4500
001 8583
100 _aSariya Hashmi
245 _aCambridge O Cambridge
260 _a
_bFerozsons
_c
090 _c6906
_d6906
942 _aNUST-CAE
_cM
_c33496
999 _c243656
_d243656